|
|
|
|
| LEADER |
00000nam a22000007a 4500 |
| 005 |
20160413152729.0 |
| 007 |
cr|||| || |
| 008 |
160413s2014 bl ||||| |||| 00||0 por d |
| 020 |
|
|
|a 978-85-8183-031-5
|
| 035 |
|
|
|a 14128
|
| 040 |
|
|
|a vLex
|
| 090 |
|
|
|c 5996
|d 5996
|
| 100 |
1 |
|
|a Val, Pedro
|
| 245 |
1 |
0 |
|a Manual da Sociedade de Economia Mista
|h [Recurso electrn̤ico] /
|c Pedro Val
|
| 256 |
|
|
|a Servicio en ln̕ea
|
| 260 |
|
|
|a Brasil
|b Pillares
|c 2014
|
| 300 |
|
|
|a 1 recurso electrn̤ico
|
| 506 |
1 |
|
|a Contenido solo disponible en los productos indicados
|d vLex Global
|d vLex Global (Academic Edition, excluding Law Schools)
|d vLex Global (U.S. Academic Edition, Law Schools)
|d vLex Global (U.S. Academic Edition, excluding Law Schools)
|d vLex Global (Academic Edition, Law Schools)
|
| 650 |
0 |
4 |
|a Derecho
|z Brasil
|
| 740 |
0 |
|
|a vLex libros (servicio en ln̕ea)
|
| 856 |
4 |
0 |
|u http://vlex.com/source/manual-sociedade-economia-mista-14128
|z Acceso restringido
|
| 942 |
|
|
|c BOOK
|
| 999 |
0 |
|
|a Law
|b Brasil
|